KRAJE SŁYNĄCE ZE ŚWIETNEJ KUCHNI - Statystyki

Ogólne statystyki
  • Ten quiz został rozwiązany 213 razy
  • Średni wynik to 5 z 6
Statystyki odpowiedzi
Odpowiedź % Poprawnych
WŁOCHY
97%
FRANCJA
88%
POLSKA
88%
CHINY
85%
JAPONIA
84%
INDIE
58%
Nie znaleziono quizów pasujących do podanych kryteriów
Rozkład punktacji
Procent ludzi z każdym wynikiem
Percentyl według liczby udzielonych odpowiedzi
Twoja historia wyników
Nie rozwiązałeś tego quizu